[Event "SRI-chT"]
[Site "Colombo"]
[Date "2023.07.30"]
[Round "5.2"]
[White "Ovitigala, Chenitha Mithvidu"]
[Black "Jayasundara, PK Udith Madusank"]
[Result "1/2-1/2"]
[WhiteElo "1426"]
[BlackElo "1938"]
[PlyCount "70"]
[EventDate "2023.07.28"]
[EventType "team-tourn"]
[EventRounds "9"]
[EventCountry "SRI"]
[SourceTitle "CBM 215 Extra"]
[Source "ChessBase"]
[SourceDate "2023.09.30"]
[SourceVersion "1"]
[SourceVersionDate "2023.09.30"]
[SourceQuality "1"]
[WhiteTeam "Maroons CC"]
[BlackTeam "Fischer CC"]
[WhiteTeamCountry "SRI"]
[BlackTeamCountry "SRI"]

1. e4 e5 2. Nf3 Nc6 3. Bb5 a6 4. Ba4 Nf6 5. 0-0 Be7 6. Re1 b5 7. Bb3 0-0 8. h3 d6 9. c3 Nb8 10. d4 Nbd7 11. Nbd2 Bb7 12. Bc2 Re8 13. Nf1 Bf8 14. Ng3 g6 15. b3 Bg7 16. Bb2 c5 17. d5 Nb6 18. Qe2 Bc8 19. c4 bxc4 20. bxc4 a5 21. Bc3 Bd7 22. Rab1 Qc7 23. Rb2 Reb8 24. Reb1 a4 25. a3 Nc8 26. Qd1 Rxb2 27. Rxb2 Qa7 28. Qb1 Qa6 29. Bd3 Be8 30. Ne2 Nd7 31. Be1 Ndb6 32. Qc2 Rb8 33. Nc3 Bf8 34. Nb5 Qb7 35. Bc3 Na7 1/2-1/2

[Event "Colombo Katubedda op"]
[Site "Colombo"]
[Date "2023.06.29"]
[Round "2"]
[White "Sandaruwan, KE Dineth"]
[Black "Jayasundara, PK Udith Madusank"]
[Result "1-0"]
[WhiteElo "1198"]
[BlackElo "1938"]
[PlyCount "101"]
[EventDate "2023.06.29"]
[EventType "swiss"]
[EventRounds "9"]
[EventCountry "SRI"]
[SourceTitle "EXT 2024"]
[Source "ChessBase"]
[SourceDate "2023.10.10"]
[SourceVersion "1"]
[SourceVersionDate "2023.10.10"]
[SourceQuality "1"]

1. d4 Nf6 2. c4 e6 3. Nc3 Bb4 4. a3 Bxc3+ 5. bxc3 b6 6. e3 Bb7 7. Nf3 0-0 8. Be2 Nc6 9. 0-0 Ne4 10. Qc2 Na5 11. Bd3 f5 12. Nd2 Nxd2 13. Bxd2 Ba6 14. c5 Bxd3 15. Qxd3 bxc5 16. c4 Nb7 17. Rab1 Qc8 18. d5 Nd6 19. Ba5 e5 20. Rb2 Rb8 21. Rxb8 Qxb8 22. Rb1 Qc8 23. Rd1 Qd8 24. Rc1 e4 25. Qb3 f4 26. exf4 Rxf4 27. Qe3 Rg4 28. Rc2 Nb7 29. Bd2 Qc8 30. h3 Rg6 31. Qxe4 Nd6 32. Qe3 Qe8 33. Qxe8+ Nxe8 34. Be3 Rb6 35. Bxc5 Rb1+ 36. Kh2 a5 37. Re2 Nf6 38. Bd4 Kf7 39. Rb2 Rc1 40. Bxf6 Kxf6 41. Rb5 Rxc4 42. Rxa5 Rc3 43. a4 Ke5 44. Rb5 Kd6 45. g4 Ra3 46. a5 c6 47. dxc6 dxc6 48. Rb7 g5 49. a6 Rxa6 50. Rxh7 Ra5 51. Rh6+ 1-0

[Event "SRI-ch"]
[Site "Colombo"]
[Date "2017.08.15"]
[Round "10"]
[White "Jayasundara, PK Udith Madusank"]
[Black "Weerawardane, Romesh"]
[Result "1/2-1/2"]
[WhiteElo "2024"]
[BlackElo "2134"]
[PlyCount "21"]
[EventDate "2017.08.10"]
[EventType "tourn"]
[EventRounds "13"]
[EventCountry "SRI"]
[SourceTitle "CBM 180 Extra"]
[Source "ChessBase"]
[SourceDate "2017.10.06"]
[SourceVersion "1"]
[SourceVersionDate "2017.10.06"]
[SourceQuality "1"]

1. e4 e5 2. Nf3 Nc6 3. Nc3 Nf6 4. Bb5 Bb4 5. 0-0 0-0 6. d3 Bxc3 7. bxc3 d6 8. Qe2 Ne7 9. d4 c6 10. Bc4 exd4 11. cxd4 1/2-1/2

[Event "SRI-ch"]
[Site "Colombo"]
[Date "2017.08.15"]
[Round "9"]
[White "Thilakarathne, GM Harshana"]
[Black "Jayasundara, PK Udith Madusank"]
[Result "1-0"]
[WhiteElo "2143"]
[BlackElo "2024"]
[PlyCount "83"]
[EventDate "2017.08.10"]
[EventType "tourn"]
[EventRounds "13"]
[EventCountry "SRI"]
[SourceTitle "CBM 180 Extra"]
[Source "ChessBase"]
[SourceDate "2017.10.06"]
[SourceVersion "1"]
[SourceVersionDate "2017.10.06"]
[SourceQuality "1"]

1. e4 e5 2. Nf3 Nc6 3. Bc4 Bc5 4. c3 Nf6 5. d3 a6 6. 0-0 0-0 7. a4 d6 8. Re1 Ba7 9. Na3 Ne7 10. Nc2 c6 11. Ba2 Ng6 12. Be3 Be6 13. Bxe6 fxe6 14. Bxa7 Rxa7 15. d4 Ra8 16. dxe5 dxe5 17. Qxd8 Raxd8 18. a5 Rd7 19. Na3 Ng4 20. Nc4 Rf4 21. h3 Nh6 22. Ng5 Nf8 23. g3 Rf6 24. Rad1 Rg6 25. Nf3 Nf7 26. Nfxe5 Nxe5 27. Nxe5 Rxd1 28. Rxd1 Rg5 29. Nc4 Rc5 30. b3 Kf7 31. Rd8 Ke7 32. Rc8 Rb5 33. Rc7+ Kd8 34. Rf7 Nd7 35. b4 c5 36. Nd6 cxb4 37. Nxb5 axb5 38. cxb4 Kc8 39. Rxg7 Ne5 40. Rxh7 Nc6 41. Rh5 e5 42. Rf5 1-0

[Event "SRI-ch"]
[Site "Colombo"]
[Date "2017.08.13"]
[Round "6"]
[White "Jayasundara, PK Udith Madusank"]
[Black "Dassanayake, DMGS"]
[Result "1/2-1/2"]
[WhiteElo "2024"]
[BlackElo "1967"]
[PlyCount "36"]
[EventDate "2017.08.10"]
[EventType "tourn"]
[EventRounds "13"]
[EventCountry "SRI"]
[SourceTitle "CBM 180 Extra"]
[Source "ChessBase"]
[SourceDate "2017.10.06"]
[SourceVersion "1"]
[SourceVersionDate "2017.10.06"]
[SourceQuality "1"]

1. e4 c6 2. d4 d5 3. exd5 cxd5 4. Bd3 Nc6 5. c3 Qc7 6. Ne2 Bg4 7. f3 Bd7 8. Bf4 e5 9. dxe5 Nxe5 10. 0-0 Bd6 11. Nd4 Ne7 12. Na3 a6 13. Nac2 0-0 14. Ne3 Qb6 15. Qb3 Qc5 16. Rad1 b5 17. a3 Rfe8 18. Kh1 g6 1/2-1/2

[Event "SRI-ch"]
[Site "Colombo"]
[Date "2017.08.13"]
[Round "7"]
[White "Piyumantha, M Sasith Nipun"]
[Black "Jayasundara, PK Udith Madusank"]
[Result "1/2-1/2"]
[WhiteElo "1908"]
[BlackElo "2024"]
[PlyCount "21"]
[EventDate "2017.08.10"]
[EventType "tourn"]
[EventRounds "13"]
[EventCountry "SRI"]
[SourceTitle "CBM 180 Extra"]
[Source "ChessBase"]
[SourceDate "2017.10.06"]
[SourceVersion "1"]
[SourceVersionDate "2017.10.06"]
[SourceQuality "1"]

1. d4 Nf6 2. c4 e6 3. g3 Bb4+ 4. Bd2 c5 5. Bxb4 cxb4 6. Bg2 0-0 7. e4 d6 8. Ne2 e5 9. 0-0 Nc6 10. d5 Qd7 11. Qb3 1/2-1/2

[Event "SRI-ch"]
[Site "Colombo"]
[Date "2017.08.12"]
[Round "4"]
[White "Jayasundara, PK Udith Madusank"]
[Black "Kurukulasuriya, Prasanna"]
[Result "1/2-1/2"]
[WhiteElo "2024"]
[BlackElo "2022"]
[PlyCount "46"]
[EventDate "2017.08.10"]
[EventType "tourn"]
[EventRounds "13"]
[EventCountry "SRI"]
[SourceTitle "CBM 180 Extra"]
[Source "ChessBase"]
[SourceDate "2017.10.06"]
[SourceVersion "1"]
[SourceVersionDate "2017.10.06"]
[SourceQuality "1"]

1. e4 d6 2. Nc3 Nd7 3. d4 Ngf6 4. Nf3 e5 5. Bc4 Be7 6. dxe5 Nxe5 7. Nxe5 dxe5 8. Qxd8+ Bxd8 9. a4 Be6 10. Bxe6 fxe6 11. f3 Be7 12. Nd1 Nd7 13. Nf2 Rc8 14. Nd3 Bd6 15. b3 a5 16. Bd2 b6 17. Bc3 Ke7 18. Ke2 Rhg8 19. h4 Rcf8 20. Rad1 Rf7 21. Rd2 g5 22. g4 h5 23. gxh5 g4 1/2-1/2

[Event "SRI-ch"]
[Site "Colombo"]
[Date "2017.08.12"]
[Round "5"]
[White "Samaranayake, KPRN"]
[Black "Jayasundara, PK Udith Madusank"]
[Result "1/2-1/2"]
[WhiteElo "1880"]
[BlackElo "2024"]
[PlyCount "90"]
[EventDate "2017.08.10"]
[EventType "tourn"]
[EventRounds "13"]
[EventCountry "SRI"]
[SourceTitle "CBM 180 Extra"]
[Source "ChessBase"]
[SourceDate "2017.10.06"]
[SourceVersion "1"]
[SourceVersionDate "2017.10.06"]
[SourceQuality "1"]

1. d4 Nf6 2. c4 c5 3. d5 b5 4. cxb5 a6 5. b6 d6 6. Nc3 Nbd7 7. Nf3 Rb8 8. a4 Rxb6 9. e4 g6 10. a5 Rb4 11. Nd2 Rd4 12. Qc2 Bg7 13. Nc4 Ng4 14. Ne2 Rxc4 15. Qxc4 f5 16. h3 Nge5 17. Qc2 fxe4 18. Nc3 Nd3+ 19. Bxd3 exd3 20. Qxd3 Ne5 21. Qe2 Bf5 22. Qxa6 Nd3+ 23. Kf1 0-0 24. Qb6 Qd7 25. Be3 Ne5 26. Kg1 Nc4 27. Qb5 Qxb5 28. Nxb5 Bxb2 29. Ra2 Bb1 30. Ra4 Nxe3 31. fxe3 Bd3 32. Nc7 Rf1+ 33. Kh2 Be5+ 34. g3 Rf2+ 35. Kg1 Bxg3 36. a6 Rb2 37. a7 Bf2+ 38. Kg2 Be1+ 39. Kg1 Bf2+ 40. Kg2 Be1+ 41. Kg1 Bf2+ 42. Kg2 Be1+ 43. Kf3 Rf2+ 44. Kg3 Rf1+ 45. Kg2 Rf2+ 1/2-1/2

[Event "SRI-ch"]
[Site "Colombo"]
[Date "2017.08.10"]
[Round "1"]
[White "Alahakoon, Isuru"]
[Black "Jayasundara, PK Udith Madusank"]
[Result "1-0"]
[WhiteElo "2059"]
[BlackElo "2024"]
[PlyCount "59"]
[EventDate "2017.08.10"]
[EventType "tourn"]
[EventRounds "13"]
[EventCountry "SRI"]
[SourceTitle "CBM 180 Extra"]
[Source "ChessBase"]
[SourceDate "2017.10.06"]
[SourceVersion "1"]
[SourceVersionDate "2017.10.06"]
[SourceQuality "1"]

1. d4 Nf6 2. c4 c5 3. d5 b5 4. cxb5 a6 5. Nc3 axb5 6. e4 b4 7. Nb5 d6 8. Bc4 g6 9. e5 dxe5 10. d6 Na6 11. Bg5 Bb7 12. Qb3 Bg7 13. Bxf7+ Kf8 14. Nf3 e4 15. Ne5 exd6 16. Rd1 Qe7 17. Be6 c4 18. Qxc4 dxe5 19. Rd7 Qxd7 20. Bxd7 Bd5 21. Qc2 b3 22. axb3 Nxd7 23. 0-0 Bf6 24. Bh6+ Bg7 25. Qd2 Nf6 26. Bg5 Rd8 27. Ra1 Kf7 28. Rxa6 Bc4 29. Nd6+ Rxd6 30. Rxd6 1-0

[Event "SRI-ch"]
[Site "Colombo"]
[Date "2017.08.10"]
[Round "2"]
[White "Jayasundara, PK Udith Madusank"]
[Black "Thiyasara, KT Thisen"]
[Result "1-0"]
[WhiteElo "2024"]
[BlackElo "1857"]
[PlyCount "73"]
[EventDate "2017.08.10"]
[EventType "tourn"]
[EventRounds "13"]
[EventCountry "SRI"]
[SourceTitle "CBM 180 Extra"]
[Source "ChessBase"]
[SourceDate "2017.10.06"]
[SourceVersion "1"]
[SourceVersionDate "2017.10.06"]
[SourceQuality "1"]

1. e4 c5 2. Nc3 g6 3. f4 Bg7 4. Nf3 Nc6 5. Bb5 Nd4 6. 0-0 a6 7. Bd3 e6 8. Nxd4 cxd4 9. Ne2 d6 10. Qe1 e5 11. fxe5 dxe5 12. Bc4 Nf6 13. d3 0-0 14. Qh4 h6 15. Bxh6 Qb6 16. Bg5 Ng4 17. Be7 Ne3 18. Bxf8 Nxf1 19. Rxf1 Be6 20. Bxg7 Kxg7 21. Qf6+ Kg8 22. Bxe6 Qxe6 23. Qxe6 fxe6 24. Rf6 Rc8 25. c4 dxc3 26. bxc3 Rc6 27. Rxg6+ Kf7 28. Rg3 Rb6 29. h4 Rb2 30. Kf2 Rxa2 31. h5 a5 32. h6 a4 33. h7 a3 34. h8Q Rxe2+ 35. Kxe2 a2 36. Rg7+ Kf6 37. Qh6# 1-0

[Event "SRI-chB"]
[Site "Narahenpita"]
[Date "2017.05.13"]
[Round "4"]
[White "De Silva, Elath Mathanga"]
[Black "Jayasundara, PK Udith Madusank"]
[Result "1/2-1/2"]
[WhiteElo "1859"]
[BlackElo "2009"]
[PlyCount "24"]
[EventDate "2017.05.12"]
[EventType "swiss"]
[EventRounds "10"]
[EventCountry "SRI"]
[SourceTitle "CBM 178 Extra"]
[Source "ChessBase"]
[SourceDate "2017.06.22"]
[SourceVersion "1"]
[SourceVersionDate "2017.06.22"]
[SourceQuality "1"]

1. d4 Nf6 2. Nf3 g6 3. Bf4 Bg7 4. e3 d6 5. Be2 0-0 6. h3 Nbd7 7. 0-0 b6 8. a4 a5 9. Bh2 Bb7 10. Nbd2 e6 11. c3 Qe7 12. Nb3 Ne4 1/2-1/2

[Event "SRI-chB"]
[Site "Narahenpita"]
[Date "2017.05.13"]
[Round "3"]
[White "Jayasundara, PK Udith Madusank"]
[Black "Galagamaarachchi, AS."]
[Result "1-0"]
[WhiteElo "2009"]
[BlackElo "1802"]
[PlyCount "53"]
[EventDate "2017.05.12"]
[EventType "swiss"]
[EventRounds "10"]
[EventCountry "SRI"]
[SourceTitle "CBM 178 Extra"]
[Source "ChessBase"]
[SourceDate "2017.06.22"]
[SourceVersion "1"]
[SourceVersionDate "2017.06.22"]
[SourceQuality "1"]

1. Nf3 Nf6 2. c4 c5 3. g3 g6 4. Bg2 Bg7 5. 0-0 0-0 6. Nc3 Nc6 7. d4 cxd4 8. Nxd4 a6 9. b3 Qa5 10. Bb2 Nxd4 11. Qxd4 d6 12. Rfd1 Ne8 13. Qd2 Qc5 14. Nd5 e6 15. Bxg7 Kxg7 16. Nc3 f5 17. Na4 Qc7 18. Qd4+ Kf7 19. e4 e5 20. Qb6 Ke7 21. exf5 Rxf5 22. Qxc7+ Nxc7 23. Nb6 Rb8 24. Nxc8+ Rxc8 25. Bh3 Rcf8 26. Bxf5 Rxf5 27. Rd2 1-0

[Event "SRI-ch"]
[Site "Colombo"]
[Date "2016.06.06"]
[Round "13"]
[White "Edirisinghe, Dulan"]
[Black "Jayasundara, PK Udith Madusank"]
[Result "0-1"]
[WhiteElo "2106"]
[BlackElo "1947"]
[PlyCount "106"]
[EventDate "2016.05.27"]
[EventType "tourn"]
[EventRounds "13"]
[EventCountry "SRI"]
[SourceTitle "CBM 172 Extra"]
[Source "ChessBase"]
[SourceDate "2016.06.21"]
[SourceVersion "1"]
[SourceVersionDate "2016.06.21"]
[SourceQuality "1"]

1. d4 Nf6 2. Bg5 Ne4 3. Bf4 d5 4. f3 Nf6 5. e4 c5 6. e5 Nfd7 7. c4 cxd4 8. Qxd4 Nc6 9. Qxd5 Qb6 10. Qd2 Ndxe5 11. Nc3 e6 12. Nh3 Be7 13. Be3 Qb4 14. b3 0-0 15. Be2 Rd8 16. Qc2 Nd4 17. Bxd4 Rxd4 18. 0-0 Bd7 19. Rad1 Qb6 20. Kh1 Bc6 21. Rxd4 Qxd4 22. Rd1 Qh4 23. Ne4 f5 24. Ng3 Bf6 25. Nf2 Ng6 26. Nd3 a5 27. Nc5 Re8 28. a3 Be5 29. Nf1 Nf4 30. Nd3 Nxe2 31. Qxe2 Bd6 32. c5 Bb8 33. Ne5 Bd5 34. Nd7 Bxb3 35. Rc1 Bc7 36. Qb5 Ba4 37. Qxb7 Qf4 38. Re1 Bxd7 39. g3 Qa4 40. Qxc7 Bc6 41. Nd2 Bd5 42. Qd6 Qc2 43. Qf4 Qxc5 44. a4 h6 45. h4 e5 46. Qe3 Qxe3 47. Rxe3 Kf7 48. Rc3 e4 49. fxe4 fxe4 50. Rc5 Ba8 51. Rc7+ Kg8 52. Nb3 e3+ 53. Kg1 e2 0-1

[Event "SRI-ch"]
[Site "Colombo"]
[Date "2016.05.28"]
[Round "4"]
[White "Jayasundara, PK Udith Madusank"]
[Black "De Silva, Elath Mathanga"]
[Result "1-0"]
[WhiteElo "1947"]
[BlackElo "1958"]
[PlyCount "99"]
[EventDate "2016.05.27"]
[EventType "tourn"]
[EventRounds "13"]
[EventCountry "SRI"]
[SourceTitle "CBM 172 Extra"]
[Source "ChessBase"]
[SourceDate "2016.06.21"]
[SourceVersion "1"]
[SourceVersionDate "2016.06.21"]
[SourceQuality "1"]

1. e4 c5 2. Nf3 g6 3. d4 cxd4 4. Nxd4 Nc6 5. Be3 Nf6 6. Nc3 Bg7 7. Bc4 Qa5 8. 0-0 0-0 9. Nb3 Qc7 10. f4 d6 11. Be2 a6 12. Qe1 b5 13. Rd1 e6 14. Bf3 Rb8 15. Qf2 Ne7 16. Rfe1 a5 17. Ba7 b4 18. Bxb8 Qxb8 19. Na4 Nd7 20. Nd4 Ba6 21. b3 Nc5 22. Nxc5 dxc5 23. Ne2 Bxe2 24. Bxe2 Bd4 25. Rxd4 cxd4 26. Qxd4 Qxf4 27. Rf1 Qh4 28. Bd3 Nd5 29. Qc5 Nc3 30. Qxa5 Qe7 31. a3 Rb8 32. axb4 Rxb4 33. Qe5 Qa7+ 34. Kh1 Na2 35. Qb2 Rb8 36. Ra1 Ra8 37. h3 Qa3 38. Qxa3 Rxa3 39. Bc4 Kg7 40. b4 Rc3 41. Bxa2 Rxc2 42. b5 Kf6 43. b6 Rc8 44. b7 Rb8 45. Rb1 Ke7 46. Kh2 Kd6 47. Kg3 Kc7 48. Kf4 Rxb7 49. Rxb7+ Kxb7 50. Ke5 1-0

[Event "SRI-ch"]
[Site "Colombo"]
[Date "2016.05.27"]
[Round "2"]
[White "Jayasundara, PK Udith Madusank"]
[Black "Weerawardane, Romesh"]
[Result "1-0"]
[WhiteElo "1947"]
[BlackElo "2100"]
[PlyCount "131"]
[EventDate "2016.05.27"]
[EventType "tourn"]
[EventRounds "13"]
[EventCountry "SRI"]
[SourceTitle "CBM 172 Extra"]
[Source "ChessBase"]
[SourceDate "2016.06.21"]
[SourceVersion "1"]
[SourceVersionDate "2016.06.21"]
[SourceQuality "1"]

1. e4 c5 2. Nc3 Nc6 3. f4 g6 4. Nf3 Bg7 5. Bb5 Nd4 6. 0-0 e6 7. Nxd4 Bxd4+ 8. Kh1 Bg7 9. f5 a6 10. Bd3 d6 11. Qf3 Qe7 12. b3 Be5 13. Bb2 Bd7 14. Rae1 0-0-0 15. Na4 Bxb2 16. Nxb2 e5 17. f6 Qf8 18. Nc4 Kb8 19. Ne3 h5 20. Bc4 g5 21. b4 cxb4 22. Rb1 a5 23. a3 Rh6 24. Nd5 Rc8 25. Qd3 Qd8 26. axb4 a4 27. Bb5 Bxb5 28. Qxb5 Nxf6 29. Rxf6 Rxf6 30. Qxa4 Rc6 31. b5 Rc5 32. Ra1 Kc8 33. Qa8+ Kd7 34. Qxd8+ Kxd8 35. Nxf6 Rxc2 36. Ra8+ Ke7 37. Nd5+ Kd7 38. Kg1 Rb2 39. b6 Rxd2 40. Rf8 Kc6 41. Rc8+ Kb5 42. Rc7 f5 43. Rxb7 fxe4 44. Ne3 Re2 45. Rd7 Kxb6 46. Rxd6+ Kc5 47. Nf5 e3 48. Rd1 Kc4 49. Ng3 Rd2 50. Re1 Kd3 51. Nf1 Re2 52. Rd1+ Kc2 53. Ra1 Kb2 54. Ng3 Rc2 55. Re1 h4 56. Nf5 e2 57. Kf2 Rc5 58. Rxe2+ Kc3 59. Kf3 Kd3 60. Re3+ Kd2 61. Kg4 e4 62. Rxe4 Kd3 63. Re3+ Kd2 64. Kxg5 h3 65. Rxh3 Ke2 66. Rf3 1-0

[Event "Colombo Sri Lanka GP"]
[Site "Colombo"]
[Date "2015.11.25"]
[Round "8"]
[White "Jayasundara, PK Udith Madusank"]
[Black "Silva, Dineth Sunera"]
[Result "1-0"]
[WhiteElo "1958"]
[BlackElo "1860"]
[PlyCount "65"]
[EventDate "2015.11.21"]
[EventType "tourn"]
[EventRounds "9"]
[EventCountry "SRI"]
[SourceTitle "CBM 169 Extra"]
[Source "ChessBase"]
[SourceDate "2015.12.18"]
[SourceVersion "1"]
[SourceVersionDate "2015.12.18"]
[SourceQuality "1"]

1. e4 d5 2. exd5 Qxd5 3. Nc3 Qa5 4. d4 c6 5. Bc4 Nf6 6. Bd2 Qc7 7. Nf3 Bf5 8. Ne5 e6 9. Qe2 h5 10. Bf4 Qb6 11. 0-0-0 Nd5 12. Bxd5 cxd5 13. Nxd5 Qa5 14. Qb5+ Qxb5 15. Nc7+ Ke7 16. Nxb5 Nc6 17. Nxc6+ bxc6 18. Nd6 Bg6 19. Rhe1 Kd7 20. Nc4 f6 21. Re3 Bf5 22. h4 Be7 23. Rb3 Kc8 24. Na5 c5 25. Nc6 Re8 26. Nxa7+ Rxa7 27. Rb8+ Kd7 28. dxc5+ Bd6 29. Bxd6 Ra8 30. Rb7+ Kc6 31. Rb6+ Kd7 32. c6+ Kc8 33. c7 1-0

[Event "Asia-ch U20 rapid"]
[Site "Bishkek"]
[Date "2015.10.08"]
[Round "4"]
[White "Jayasundara, PK Udith Madusank"]
[Black "Taalaibekov, Tagir"]
[Result "0-1"]
[WhiteElo "1955"]
[BlackElo "1980"]
[PlyCount "122"]
[EventDate "2015.10.08"]
[EventType "swiss (rapid)"]
[EventRounds "7"]
[EventCountry "KGZ"]
[SourceTitle "EXT 2018"]
[Source "ChessBase"]
[SourceDate "2017.10.13"]
[SourceVersion "1"]
[SourceVersionDate "2017.10.13"]
[SourceQuality "1"]

1. e4 e6 2. d4 d5 3. Nc3 dxe4 4. Nxe4 Nd7 5. Nf3 Ngf6 6. Nxf6+ Nxf6 7. Bd3 Be7 8. Bg5 0-0 9. 0-0 b6 10. Bxf6 Bxf6 11. Be4 Rb8 12. Ne5 Bxe5 13. dxe5 Qh4 14. Qe2 Ba6 15. Bxh7+ Qxh7 16. Qxa6 Qxc2 17. Rac1 Qxb2 18. Rxc7 Qxe5 19. Qxa7 Ra8 20. Qxb6 Rxa2 21. g3 g6 22. Rfc1 Kg7 23. Qc5 Qf6 24. Qe3 Rh8 25. R1c4 Ra1+ 26. Kg2 Ra5 27. Qc3 Qxc3 28. Rxc3 Rah5 29. h4 Rf5 30. Rf3 Rd8 31. Rxf5 gxf5 32. f4 Rd2+ 33. Kh3 Rd3 34. Kg2 Rd8 35. Kh3 Rf8 36. Ra7 Kg6 37. Rb7 Re8 38. h5+ Kf6 39. Kh4 Rd8 40. Rb2 Rd1 41. Rh2 Rg1 42. Kh3 Kg7 43. Kh4 Kh6 44. Rh3 f6 45. Rh2 e5 46. fxe5 fxe5 47. Rh3 e4 48. Rh2 e3 49. Kh3 Re1 50. g4 f4 51. Ra2 f3 52. Kg3 f2 53. Ra6+ Kg7 54. Ra7+ Kf6 55. Ra6+ Ke7 56. Ra7+ Kd6 57. Ra6+ Kc7 58. Ra7+ Kb6 59. Rf7 f1Q 60. Rxf1 Rxf1 61. h6 e2 0-1

[Event "Asia-ch U20"]
[Site "Bishkek"]
[Date "2015.10.07"]
[Round "6.8"]
[White "Jayasundara, PK Udith Madusank"]
[Black "Mamatov, Melis"]
[Result "0-1"]
[WhiteElo "1955"]
[BlackElo "2096"]
[PlyCount "42"]
[EventDate "2015.10.03"]
[EventType "swiss"]
[EventRounds "9"]
[EventCountry "KGZ"]
[SourceTitle "EXT 2022"]
[Source "ChessBase"]
[SourceDate "2021.10.06"]
[SourceVersion "1"]
[SourceVersionDate "2021.10.06"]
[SourceQuality "1"]

1. e4 c5 2. Nc3 b6 3. Bc4 e6 4. Nf3 Bb7 5. 0-0 a6 6. a4 Qc7 7. Re1 d6 8. Ba2 Be7 9. d4 Nd7 10. d5 e5 11. Bc4 Ngf6 12. Nh4 g6 13. Bh6 Ng8 14. Bg7 Bxh4 15. Bxh8 Be7 16. Bg7 f6 17. Qd2 Kf7 18. Bh6 g5 19. Qe2 Nxh6 20. Qh5+ Kg7 21. Re3 Nf8 0-1

[Event "SRI-chB"]
[Site "Malabe"]
[Date "2015.06.27"]
[Round "8"]
[White "Madushanka, Harsha"]
[Black "Jayasundara, PK Udith Madusank"]
[Result "1-0"]
[WhiteElo "1839"]
[BlackElo "2031"]
[PlyCount "63"]
[EventDate "2015.06.19"]
[EventType "swiss"]
[EventRounds "10"]
[EventCountry "SRI"]
[SourceTitle "CBM 167 Extra"]
[Source "ChessBase"]
[SourceDate "2015.09.14"]
[SourceVersion "1"]
[SourceVersionDate "2015.09.14"]
[SourceQuality "1"]

1. e4 Nc6 2. d4 d5 3. exd5 Qxd5 4. Nf3 Bg4 5. Be2 0-0-0 6. c3 Kb8 7. Be3 Nf6 8. Nbd2 e6 9. b4 Ne4 10. Nxe4 Qxe4 11. 0-0 f6 12. Qa4 Ne7 13. c4 Bf5 14. Rac1 Bg6 15. Nd2 Qh4 16. d5 Nc8 17. g3 Qh3 18. c5 Be8 19. c6 exd5 20. b5 Nb6 21. Bxb6 axb6 22. Nb3 Qc8 23. Nd4 g6 24. Rc3 Bc5 25. Rd1 Rd6 26. Rdd3 bxc6 27. bxc6 Rxc6 28. Nxc6+ Bxc6 29. Qxc6 Qe8 30. Rxc5 bxc5 31. Rb3+ Kc8 32. Ba6+ 1-0

[Event "SRI-chB"]
[Site "Malabe"]
[Date "2015.06.21"]
[Round "5"]
[White "Jayasundara, PK Udith Madusank"]
[Black "De Silva, Osheen"]
[Result "0-1"]
[WhiteElo "2031"]
[BlackElo "1888"]
[PlyCount "86"]
[EventDate "2015.06.19"]
[EventType "swiss"]
[EventRounds "10"]
[EventCountry "SRI"]
[SourceTitle "CBM 167 Extra"]
[Source "ChessBase"]
[SourceDate "2015.09.14"]
[SourceVersion "1"]
[SourceVersionDate "2015.09.14"]
[SourceQuality "1"]

1. e4 c5 2. Nc3 d6 3. f4 g6 4. Nf3 Bg7 5. Bb5+ Bd7 6. 0-0 Bxb5 7. Nxb5 Qd7 8. Nc3 Nc6 9. d3 Nd4 10. Ne2 Nxf3+ 11. Rxf3 e6 12. c3 f5 13. exf5 exf5 14. d4 0-0-0 15. Be3 Qb5 16. Rb1 Nf6 17. a4 Qc6 18. b4 c4 19. d5 Nxd5 20. Bxa7 b6 21. a5 Kb7 22. axb6 Rhe8 23. Nd4 Bxd4+ 24. Qxd4 Re4 25. Qg7+ Qd7 26. Qxd7+ Rxd7 27. Rd1 Nxf4 28. Rdf1 Nd3 29. h3 d5 30. g4 f4 31. g5 d4 32. cxd4 Rdxd4 33. Rd1 Re3 34. Rf2 Rg3+ 35. Kh2 Rxh3+ 36. Kg2 f3+ 37. Rxf3 Rxf3 38. Kxf3 Ne5+ 39. Ke2 Rxd1 40. Kxd1 Nf3 41. Kc2 Nxg5 42. Kc3 h5 43. Kxc4 h4 0-1

[Event "Colombo Grand Prix"]
[Site "Colombo"]
[Date "2014.11.30"]
[Round "10"]
[White "Jayasundara, PK Udith Madusank"]
[Black "Kurukulasuriya, Prasanna"]
[Result "1/2-1/2"]
[WhiteElo "2046"]
[BlackElo "2063"]
[PlyCount "56"]
[EventDate "2014.11.21"]
[EventType "tourn"]
[EventRounds "11"]
[EventCountry "SRI"]
[SourceTitle "CBM 163 Extra"]
[Source "ChessBase"]
[SourceDate "2014.12.23"]
[SourceVersion "1"]
[SourceVersionDate "2014.12.23"]
[SourceQuality "1"]

1. d4 Nf6 2. Nf3 g6 3. c4 Bg7 4. Nc3 0-0 5. g3 d6 6. Bg2 Nbd7 7. 0-0 e5 8. d5 Ne8 9. e4 a5 10. Bg5 f6 11. Be3 f5 12. exf5 gxf5 13. Ng5 Nc5 14. Qh5 Nf6 15. Qh4 h6 16. Ne6 Nxe6 17. dxe6 c6 18. Bxh6 Bxe6 19. Rfd1 Nh7 20. Qxd8 Raxd8 21. Bxg7 Kxg7 22. b3 Ng5 23. Rd2 Nf7 24. Rad1 Kf6 25. Ra1 Kg7 26. Rad1 Kf6 27. Ra1 Kg7 28. Rad1 Kf6 1/2-1/2

[Event "Colombo Grand Prix"]
[Site "Colombo"]
[Date "2014.11.28"]
[Round "7"]
[White "Jayasundara, PK Udith Madusank"]
[Black "Galappaththi, Chinthaka Anuruddh"]
[Result "0-1"]
[WhiteElo "2046"]
[BlackElo "2157"]
[PlyCount "76"]
[EventDate "2014.11.21"]
[EventType "tourn"]
[EventRounds "11"]
[EventCountry "SRI"]
[SourceTitle "CBM 163 Extra"]
[Source "ChessBase"]
[SourceDate "2014.12.23"]
[SourceVersion "1"]
[SourceVersionDate "2014.12.23"]
[SourceQuality "1"]

1. e4 e6 2. d4 d5 3. Nc3 Bb4 4. e5 Ne7 5. Bd2 b6 6. Ne4 dxe4 7. Bxb4 Nf5 8. c3 Bb7 9. Qd2 Nc6 10. Ba3 Qd5 11. b3 0-0-0 12. 0-0-0 Nxe5 13. dxe5 Qxe5 14. Qe1 Rxd1+ 15. Kxd1 Rd8+ 16. Kc2 e3 17. Bc1 Qc5 18. fxe3 Be4+ 19. Kb2 a5 20. Nf3 a4 21. b4 Qd5 22. Qe2 Kb8 23. Nd2 Nd6 24. Rg1 Qe5 25. Nc4 Qxh2 26. Qf2 Nf5 27. Be2 Ng3 28. Rd1 Rxd1 29. Bxd1 Qxg2 30. Qxg2 Bxg2 31. Ne5 f6 32. Bf3 Bxf3 33. Nxf3 g5 34. Kc2 Ne4 35. Kd3 f5 36. Bd2 Kc8 37. Kd4 g4 38. Ng5 Nxg5 0-1